000 00991nam0a22003011 4500
001 RU\NLR\INFOCOMM_41\5000247759
005 20250613090421.0
010 _97420
_a5-05-000643-0
035 _a(NLR Aleph) 009066120
090 _a7893974
_c7893974
100 _a20081014d1986 |||y0rusy50 ca
101 1 _aeng
_crus
102 _aRU
105 _ay z 000ay
200 1 _aIn a quiet village and other stories
_e[translated from the Russian]
_fS. Antonov
210 _aΜ.
_cRaduga
_d1986
215 _a430 с.
_d17 см
225 1 _aRussian and Soviet story
300 _aНа обороте тит. л.: В тихой станице: рассказы / С. Антонов
517 1 _aВ тихой станице
_eрассказы
686 _aШ6(2-Р)77(англ.)
_2rubbk
700 1 _aAntonov
_bS. P.
_f1915-1995
_gSergej Petrovič
_4070
801 1 _aRU
_bNLR
_c20081014
801 0 _aRU
_bNLR
_gPSBO
852 _aNLR
_jЛ31 Д-1/181
942 _cBOOK
980 _aNB